Masonería y librepensamiento en la España de la Restauración (Record no. 23471)

MARC details
000 -LEADER
campo de control de longitud fija 00998nam a2200265 i 4500
001 - NÚMERO DE CONTROL
campo de control 23471
003 - IDENTIFICADOR DE NÚMERO DE CONTROL
campo de control ES-MaACL
005 - FECHA Y HORA DE LA ÚLTIMA TRANSACCIÓN
campo de control 20250902041718.0
007 - CAMPO FIJO DE DESCRIPCIÓN FÍSICA--INFORMACIÓN GENERAL
campo de control de longitud fija t|
008 - DATOS DE LONGITUD FIJA--INFORMACIÓN GENERAL
campo de control de longitud fija 021210s1985 sp ||||1| spa d
020 ## - NÚMERO INTERNACIONAL ESTÁNDAR DEL LIBRO
Número Internacional Estándar del Libro 84-85281-55-1
100 1# - ENTRADA PRINCIPAL--NOMBRE DE PERSONA
Nombre de persona Álvarez Lázaro, Pedro F.
9 (RLIN) 20854
245 10 - MENCIÓN DEL TÍTULO
Título Masonería y librepensamiento en la España de la Restauración
Resto del título : aproximación histórica /
Mención de responsabilidad, etc. Pedro F. Alvarez Lazaro.
260 ## - PUBLICACIÓN, DISTRIBUCIÓN, ETC.
Lugar de publicación, distribución, etc. Madrid :
Nombre del editor, distribuidor, etc. Universidad Pontificia Comillas,
Fecha de publicación, distribución, etc. 1985.
300 ## - DESCRIPCIÓN FÍSICA
Extensión XXXI, 412 p., 8 lám. ;
Dimensiones 21 cm.
490 1# - MENCIÓN DE SERIE
Mención de serie Publicaciones de la Universidad Pontificia Comillas. Serie I. Estudios ;
Designación de volumen o secuencia 33
500 ## - NOTA GENERAL
Nota general Indice.
504 ## - NOTA DE BIBLIOGRAFÍA, ETC.
Nota de bibliografía, etc. Bibliografía.
610 24 - PUNTO DE ACCESO ADICIONAL DE MATERIA--NOMBRE DE ENTIDAD CORPORATIVA
Nombre de entidad corporativa o nombre de jurisdicción como elemento de entrada Masonería-
Subdivisión geográfica España-
Subdivisión cronológica S.XIX.
9 (RLIN) 5663
650 #4 - PUNTO DE ACCESO ADICIONAL DE MATERIA--TÉRMINO DE MATERIA
Término de materia o nombre geográfico como elemento de entrada Librepensamiento-
Subdivisión geográfica España-
Subdivisión cronológica S.XIX.
9 (RLIN) 153699
830 00 - PUNTO DE ACCESO ADICIONAL DE SERIE-TÍTULO UNIFORME
Título uniforme Publicaciones de la Universidad Pontificia Comillas
Designación de volumen o secuencia 33
9 (RLIN) 176621
852 ## - LOCALIZACIÓN
Ubicación ES-MaACL
Número de control de estantería L-11473
Sublocalización o colección R.111234
852 ## - LOCALIZACIÓN
Ubicación ES-MaACL
Número de control de estantería L-11758
Sublocalización o colección R.112157
Holdings
Estatus retirado Estado de pérdida Estado de daño No para préstamo Biblioteca de origen Biblioteca actual Ubicación en estantería Fecha de adquisición Fuente de adquisición Total de préstamos Signatura topográfica completa Código de barras Visto por última vez Precio de reemplazo Tipo de ítem Koha
        Biblioteca del Ateneo de Madrid Biblioteca del Ateneo de Madrid Depósito 2 17/01/2008     L-11758 1024185 23/02/2023 23/02/2023 Libro impreso
        Biblioteca del Ateneo de Madrid Biblioteca del Ateneo de Madrid Depósito 2 17/01/2008     L-11473 1024184 23/02/2023 23/02/2023 Libro impreso